Normal view
MARC view
Entry Personal Name
001 - CONTROL NUMBER
- control field: 34915
003 - CONTROL NUMBER IDENTIFIER
- control field: ARRUPE
005 - DATE AND TIME OF LATEST TRANSACTION
- control field: 20170821094556.0
008 - FIXED-LENGTH DATA ELEMENTS
- fixed length control field: 170821|| aca||aabn | a|a d
040 ## - CATALOGING SOURCE
- Original cataloging agency: ARRUPE
- Transcribing agency: ARRUPE
100 ## - HEADING--PERSONAL NAME
- Personal name: Majozo, Estella Conwill
670 ## - SOURCE DATA FOUND
- Source citation: Work cat.: (ARRUPE): Majozo, Estella Conwill, Libation: